Lazarillo español : (obra premiada por la real academia española) /

Bibliographic Details
Main Author: Bayo, Ciro, 1860-1939
Format: Book
Language:Spanish
Published: Buenos Aires : Espasa-Calpe Argentina, 1946.
Edition:2. ed.
Series:Colección Austral ; 544
Subjects:

MARC

Tag First Indicator Second Indicator Subfields
LEADER 00000cam a2200000Ii 4500
001 in00002394844
005 20151109062612.0
008 800829s1946 ag b 000 0 spa d
029 1 |a NLGGC  |b 098340700 
035 |a (OCoLC)ocm06668059 
035 |a (OCoLC)6668059 
040 |a XBM  |c XBM  |d OCLCQ  |d OCLCG  |d TXA  |d UtOrBLW 
043 |a e-sp--- 
049 |a TXAM 
090 |a DP42  |b .B35 1946 
100 1 |a Bayo, Ciro,  |d 1860-1939. 
245 1 0 |a Lazarillo español :  |b (obra premiada por la real academia española) /  |c Ciro Bayo. 
250 |a 2. ed. 
264 1 |a Buenos Aires :  |b Espasa-Calpe Argentina,  |c 1946. 
300 |a 229 pages ;  |c 18 cm. 
336 |a text  |b txt  |2 rdacontent 
337 |a unmediated  |b n  |2 rdamedia 
338 |a volume  |b nc  |2 rdacarrier 
490 0 |a Colección Austral ;  |v 544 
504 |a Includes bibliographical references. 
651 0 |a Spain  |x Description and travel. 
948 |a cataloged  |b h  |c 2008/6/5  |d c  |e vilik  |f 11:56:43 am 
994 |a C0  |b TXA 
999 |a MARS 
999 f f |s 79cc9f7a-0517-3b0c-a617-e35bc5b9058d  |i bbb7480e-049c-3b0c-8ddd-e89d3c3ce49c  |t 0 
952 f f |p ric  |a Texas A&M University  |b Rellis Campus  |c Joint Library Facility  |d Remote Storage  |t 0  |e DP42 .B35 1946  |h Library of Congress classification  |i unmediated -- volume  |m A14837251508 
998 f f |a DP42 .B35 1946  |t 0  |l Remote Storage